[Event "Titled Tuesday intern op 06th Feb Early"]
[Site "Chess.com INT"]
[Date "2024.02.06"]
[Round "2"]
[White "Smieszek, Wojciech"]
[Black "Bognar, Csaba"]
[Result "0-1"]
[WhiteElo "2130"]
[BlackElo "2136"]
[PlyCount "120"]
[EventDate "2024.02.06"]
[EventType "swiss (blitz)"]
[EventRounds "11"]
[EventCountry "USA"]
[SourceTitle "CB07_2024"]
[SourceDate "2024.02.14"]
[SourceVersion "1"]
[SourceVersionDate "2024.02.14"]
[SourceQuality "1"]

1. e4 d6 2. d4 Nf6 3. Nc3 g6 4. Be3 Ng4 5. Bg5 f6 6. Bh4 Bg7 7. Ke2 0-0 8. f3 Nh6 9. Bf2 e6 10. Qd2 c6 11. Re1 d5 12. Kd1 Nf7 13. h4 dxe4 14. fxe4 e5 15. Nf3 Be6 16. h5 g5 17. Kc1 Na6 18. Kb1 Nc7 19. Qe3 Qe7 20. dxe5 fxe5 21. h6 Bxh6 22. g4 Bg7 23. Nd2 h6 24. Qh3 b5 25. Ne2 Qb4 26. c3 Qa4 27. Nc1 Rfd8 28. Bd3 b4 29. Bc2 Qa5 30. Ndb3 Qb5 31. Nc5 Bc4 32. cxb4 Qxb4 33. Bb3 Bxb3 34. Qxb3 Qxb3 35. N1xb3 Nb5 36. Ne6 Rd6 37. Nxg7 Kxg7 38. Rc1 Rad8 39. Na5 Nd4 40. Bxd4 exd4 41. Nxc6 Re8 42. Rhe1 d3 43. Red1 Rxe4 44. Rc3 d2 45. Kc2 Re2 46. Nb4 Rg2 47. Rd3 Rxd3 48. Nxd3 Rxg4 49. Rxd2 h5 50. Rf2 h4 51. Rxf7+ Kxf7 52. Ne5+ Kf6 53. Nxg4+ Kf5 54. Ne3+ Kf4 55. Kd3 h3 56. Nf1 Kf3 57. b4 g4 58. Ne3 h2 59. Nd1 h1Q 60. Ne3 Qb1+ 0-1

[Event "Titled Tuesday intern op 06th Feb Early"]
[Site "Chess.com INT"]
[Date "2024.02.06"]
[Round "9"]
[White "Vardanyan, Aras"]
[Black "Bognar, Csaba"]
[Result "0-1"]
[WhiteElo "2299"]
[BlackElo "2136"]
[PlyCount "56"]
[EventDate "2024.02.06"]
[EventType "swiss (blitz)"]
[EventRounds "11"]
[EventCountry "USA"]
[SourceTitle "CB07_2024"]
[SourceDate "2024.02.14"]
[SourceVersion "1"]
[SourceVersionDate "2024.02.14"]
[SourceQuality "1"]

1. Nf3 d6 2. d4 Nf6 3. g3 g6 4. Bg2 Bg7 5. 0-0 0-0 6. b3 Nbd7 7. Bb2 Qe8 8. c4 e5 9. dxe5 dxe5 10. Nc3 c6 11. Ng5 Qe7 12. Nge4 Nxe4 13. Nxe4 f5 14. Nd6 Nc5 15. Ba3 b6 16. Bxc6 Rb8 17. Nxc8 Rbxc8 18. Bd5+ Kh8 19. Qc2 f4 20. Rad1 g5 21. Bb2 g4 22. Be4 f3 23. exf3 gxf3 24. Bxh7 Qe6 25. Kh1 Qh3 26. Rg1 Qxh7 27. Qxh7+ Kxh7 28. Rd5 Rcd8 0-1

[Event "HUN-chT 2223"]
[Site "Hungary"]
[Date "2023.01.15"]
[Round "7.8"]
[White "Bognar, Csaba"]
[Black "Tatar Kis, Szabolcs"]
[Result "1/2-1/2"]
[WhiteElo "2128"]
[BlackElo "2353"]
[PlyCount "93"]
[EventDate "2022.11.20"]
[EventType "team-tourn"]
[EventRounds "9"]
[EventCountry "HUN"]
[SourceTitle "CBM 213 Extra"]
[Source "ChessBase"]
[SourceDate "2023.05.31"]
[SourceVersion "1"]
[SourceVersionDate "2023.05.31"]
[SourceQuality "1"]
[WhiteTeam "Hetenyi Geza"]
[BlackTeam "Mako Duocor"]
[WhiteTeamCountry "HUN"]
[BlackTeamCountry "HUN"]

1. d4 Nf6 2. c4 g6 3. Nc3 Bg7 4. e4 d6 5. f3 0-0 6. Be3 a6 7. Qd2 Nc6 8. Nge2 Rb8 9. Nc1 e5 10. Nb3 exd4 11. Nxd4 Ne5 12. Be2 c5 13. Nc2 Be6 14. Na3 Qb6 15. Rb1 Rfd8 16. 0-0 Qb4 17. Nd5 Bxd5 18. cxd5 Qxd2 19. Bxd2 b5 20. Rfc1 Rbc8 21. b4 c4 22. Bc3 Bh6 23. Rd1 Nfd7 24. Nc2 Nb6 25. g3 Na4 26. Bd4 c3 27. Rb3 Nb2 28. Ra1 Bd2 29. Be3 Na4 30. Bd4 Nb2 31. Be3 Nec4 32. Bd4 Na4 33. Bxc4 Rxc4 34. Be3 Rdc8 35. Kf2 f5 36. exf5 gxf5 37. Rd1 Nb2 38. Ra1 Bxe3+ 39. Nxe3 Rxb4 40. Rxb4 Nd3+ 41. Ke2 Nxb4 42. a3 c2 43. Rc1 Na2 44. Rxc2 Rxc2+ 45. Nxc2 Nc3+ 46. Kd3 Nxd5 47. Nd4 1/2-1/2

[Event "EU-ch Blitz"]
[Site "Katowice"]
[Date "2021.12.17"]
[Round "14"]
[White "Bauer, Thomas"]
[Black "Bognar, Csaba"]
[Result "0-1"]
[WhiteElo "2214"]
[BlackElo "2135"]
[PlyCount "68"]
[EventDate "2021.12.17"]
[EventType "swiss (blitz)"]
[EventRounds "22"]
[EventCountry "POL"]
[SourceTitle "CBM 205 Extra"]
[Source "ChessBase"]
[SourceDate "2022.01.31"]
[SourceVersion "1"]
[SourceVersionDate "2022.01.31"]
[SourceQuality "1"]

1. e4 d6 2. d4 Nf6 3. Nc3 g6 4. Bf4 c6 5. Qd2 Nbd7 6. h4 e5 7. dxe5 dxe5 8. Bg5 h6 9. Be3 Ng4 10. 0-0-0 Nxe3 11. Qxe3 Bc5 12. Qg3 Qf6 13. Nh3 Nb6 14. Kb1 Bxh3 15. gxh3 Bxf2 16. Qg2 Bxh4 17. Be2 0-0 18. Rdf1 Qe7 19. Rhg1 Kh7 20. Qf3 Nd7 21. Bc4 Bf6 22. h4 Bxh4 23. Bxf7 Bg5 24. a3 Kg7 25. Rxg5 Qxg5 26. Qd3 Nc5 27. Qc4 Qe7 28. b4 Nd7 29. Bxg6 Rxf1+ 30. Qxf1 Kxg6 31. Qf5+ Kg7 32. Qg4+ Kf8 33. Qf5+ Ke8 34. Na4 b6 0-1

[Event "EU-ch Blitz"]
[Site "Katowice"]
[Date "2021.12.17"]
[Round "20"]
[White "Bognar, Csaba"]
[Black "Cukrowski, Filip"]
[Result "0-1"]
[WhiteElo "2135"]
[BlackElo "2367"]
[PlyCount "90"]
[EventDate "2021.12.17"]
[EventType "swiss (blitz)"]
[EventRounds "22"]
[EventCountry "POL"]
[SourceTitle "CBM 205 Extra"]
[Source "ChessBase"]
[SourceDate "2022.01.31"]
[SourceVersion "1"]
[SourceVersionDate "2022.01.31"]
[SourceQuality "1"]

1. d4 Nf6 2. c4 e6 3. Nf3 b6 4. g3 Bb7 5. Bg2 c5 6. 0-0 cxd4 7. Nxd4 Bxg2 8. Kxg2 Qc8 9. b3 Qb7+ 10. f3 Be7 11. Nc3 0-0 12. e4 d6 13. Be3 a6 14. Qd2 Nc6 15. Nde2 Rac8 16. Kg1 b5 17. cxb5 axb5 18. Rfc1 b4 19. Na4 d5 20. exd5 Nxd5 21. Bf2 Rfd8 22. Qe1 Ne5 23. Nd4 Nd3 24. Qd2 Nxc1 25. Rxc1 Nc3 26. Nxc3 bxc3 27. Rxc3 Qb4 28. Nc6 Rxc6 29. Qxd8+ Bxd8 30. Rxc6 h5 31. Rc8 Qd6 32. b4 Kh7 33. b5 Bb6 34. Rc6 Bxf2+ 35. Kxf2 Qd2+ 36. Kg1 Qxa2 37. b6 Qb1+ 38. Kg2 Qb5 39. Rd6 Kg6 40. Kh3 Kf6 41. g4 hxg4+ 42. fxg4 Ke7 43. Rd2 Qxb6 44. Rg2 g5 45. Kg3 Qe3# 0-1

[Event "EU-ch Blitz"]
[Site "Katowice"]
[Date "2021.12.17"]
[Round "16"]
[White "Bognar, Csaba"]
[Black "Sliwicki, Damian"]
[Result "1-0"]
[WhiteElo "2135"]
[BlackElo "2168"]
[PlyCount "131"]
[EventDate "2021.12.17"]
[EventType "swiss (blitz)"]
[EventRounds "22"]
[EventCountry "POL"]
[SourceTitle "CBM 205 Extra"]
[Source "ChessBase"]
[SourceDate "2022.01.31"]
[SourceVersion "1"]
[SourceVersionDate "2022.01.31"]
[SourceQuality "1"]

1. d4 d5 2. Nf3 Nf6 3. g3 c5 4. dxc5 Nc6 5. a3 a5 6. c3 e6 7. Nd4 Bxc5 8. Nxc6 bxc6 9. Bg2 e5 10. 0-0 Be6 11. c4 0-0 12. Nc3 Bd4 13. Na4 Rb8 14. e3 Ba7 15. Bd2 e4 16. c5 Nd7 17. Rc1 Ne5 18. Rc2 Bg4 19. Qa1 Qf6 20. Bc3 Nf3+ 21. Kh1 Qh6 22. h4 Nxh4 23. gxh4 Rbe8 24. f4 exf3 25. Bxf3 Bb8 26. Bxg4 Qxh4+ 27. Kg1 Rxe3 28. Rg2 Rg3 29. Rff2 Rxg4 30. Rxg4 Qxg4+ 31. Rg2 Bh2+ 32. Kxh2 Qh4+ 33. Kg1 d4 34. Be1 Qe4 35. Qd1 Re8 36. Bf2 d3 37. Qg4 Qe5 38. Bd4 Qe1+ 39. Kh2 g6 40. Qg3 Qe4 41. Qg4 Qxg4 42. Rxg4 d2 43. Rg1 Re1 44. Nc3 f5 45. Bf2 Re5 46. Rd1 g5 47. Rxd2 f4 48. Rd4 h5 49. Kg2 Kf7 50. Kf3 Kg6 51. Ne4 h4 52. Kg4 h3 53. Rd6+ Kg7 54. Nxg5 h2 55. Rd1 Re2 56. Bd4+ Kg6 57. Nf3 Rg2+ 58. Kxf4 Kh5 59. Rh1 Kg6 60. Rxh2 Rxh2 61. Nxh2 Kf7 62. Ke5 Ke8 63. Kd6 Kd8 64. Kxc6 Kc8 65. Kb6 a4 66. Kb5 1-0

[Event "EU-ch Blitz"]
[Site "Katowice"]
[Date "2021.12.17"]
[Round "18"]
[White "Pavlidou, Ekaterini"]
[Black "Bognar, Csaba"]
[Result "1-0"]
[WhiteElo "2203"]
[BlackElo "2135"]
[PlyCount "75"]
[EventDate "2021.12.17"]
[EventType "swiss (blitz)"]
[EventRounds "22"]
[EventCountry "POL"]
[SourceTitle "CBM 205 Extra"]
[Source "ChessBase"]
[SourceDate "2022.01.31"]
[SourceVersion "1"]
[SourceVersionDate "2022.01.31"]
[SourceQuality "1"]

1. d4 Nf6 2. c4 g6 3. Nc3 Bg7 4. e4 d6 5. Bd3 e5 6. d5 0-0 7. Nge2 Nbd7 8. h3 Nc5 9. Bc2 a5 10. Be3 Qe7 11. Qd2 Ne8 12. g4 f5 13. exf5 gxf5 14. gxf5 Bxf5 15. Bxf5 Rxf5 16. Ng3 Rf3 17. 0-0-0 Qf7 18. Rhg1 Kh8 19. Bxc5 dxc5 20. Nge4 b6 21. Ng5 Qf5 22. Nxf3 Qxf3 23. Rg3 Qf6 24. Ne4 Qf8 25. Rdg1 Rd8 26. Kb1 Rd7 27. Qg5 Nd6 28. Qg4 Nxe4 29. Qxe4 Qxf2 30. Qg4 Qf7 31. Qe6 Qxe6 32. dxe6 Re7 33. Rd1 h6 34. Rd7 Bf6 35. Rxe7 Bxe7 36. Kc2 e4 37. Kd2 Bg5+ 38. Rxg5 1-0

[Event "EU-ch Blitz"]
[Site "Katowice"]
[Date "2021.12.17"]
[Round "15"]
[White "Sliwicki, Damian"]
[Black "Bognar, Csaba"]
[Result "1-0"]
[WhiteElo "2168"]
[BlackElo "2135"]
[PlyCount "147"]
[EventDate "2021.12.17"]
[EventType "swiss (blitz)"]
[EventRounds "22"]
[EventCountry "POL"]
[SourceTitle "CBM 205 Extra"]
[Source "ChessBase"]
[SourceDate "2022.01.31"]
[SourceVersion "1"]
[SourceVersionDate "2022.01.31"]
[SourceQuality "1"]

1. e4 d6 2. d4 Nf6 3. Nc3 g6 4. Bg5 Nbd7 5. Qd2 h6 6. Bh4 c6 7. 0-0-0 Qc7 8. f4 Nb6 9. Nf3 Bg4 10. Kb1 0-0-0 11. h3 Bxf3 12. gxf3 Nh5 13. Be2 d5 14. e5 Ng7 15. Bd3 Re8 16. Rde1 e6 17. Bf6 Rg8 18. Bxg7 Rxg7 19. f5 exf5 20. Qxh6 Rg8 21. Qd2 Rh8 22. Nd1 Bh6 23. f4 Nd7 24. h4 Nf8 25. h5 Ne6 26. hxg6 fxg6 27. Reg1 Bxf4 28. Rxh8 Rxh8 29. Qf2 Rh2 30. Qf1 Qh7 31. c3 g5 32. a4 g4 33. Rxg4 Rh1 34. Rg1 Rh2 35. Rg2 Rh1 36. Rg1 Rh2 37. Bc2 Kc7 38. Rg2 Rh1 39. Rg1 Rh2 40. a5 Rh5 41. Ka2 Rh2 42. Rg2 Rh1 43. Rg1 Rh2 44. Rg2 Rh1 45. Qf3 Re1 46. Rf2 b6 47. axb6+ Kxb6 48. Qd3 Qh1 49. Qxf5 Rxd1 50. Bxd1 Qxd1 51. b3 Be3 52. Rb2 Nc7 53. Qc2 Qxc2 54. Rxc2 Nb5 55. Kb2 Bg5 56. Rg2 Bd8 57. Rg7 a5 58. e6 Nd6 59. Rd7 Bc7 60. e7 Kb7 61. Rxd6 Bxd6 62. e8Q Kb6 63. Qd8+ Bc7 64. Qd7 Kb7 65. Ka3 Kb6 66. Ka4 Kb7 67. b4 axb4 68. cxb4 Kb6 69. b5 cxb5+ 70. Qxb5+ Ka7 71. Qxd5 Bb6 72. Kb5 Bc7 73. Qd7 Ka8 74. Kc6 1-0

[Event "Titled Tuesday intern op 09th Mar"]
[Site "Chess.com INT"]
[Date "2021.03.09"]
[Round "10"]
[White "Nitish, Belurkar"]
[Black "Bognar, Csaba"]
[Result "1-0"]
[WhiteElo "2351"]
[BlackElo "2135"]
[PlyCount "73"]
[EventDate "2021.03.09"]
[EventType "swiss (blitz)"]
[EventRounds "11"]
[EventCountry "USA"]
[SourceTitle "CBM 201 Extra"]
[Source "ChessBase"]
[SourceDate "2021.05.31"]
[SourceVersion "1"]
[SourceVersionDate "2021.05.31"]
[SourceQuality "1"]

1. d4 Nf6 2. Nf3 g6 3. Bg5 Bg7 4. Nbd2 h6 5. Bxf6 Bxf6 6. e4 d6 7. Bd3 Nd7 8. 0-0 e5 9. c3 Bg7 10. Nc4 0-0 11. Ne3 c6 12. Qe2 Qe7 13. Rfd1 Nb6 14. dxe5 dxe5 15. Rac1 f5 16. exf5 gxf5 17. Nc4 e4 18. Nxb6 axb6 19. Bc4+ Kh7 20. Nd4 Bd7 21. f3 Rae8 22. fxe4 b5 23. Bb3 Qc5 24. Bc2 fxe4 25. Bxe4+ Bf5 26. Bxf5+ Qxf5 27. Nxf5 Rxe2 28. g4 Be5 29. Re1 Bxh2+ 30. Kh1 Bf4 31. Rxe2 Bxc1 32. Kg2 h5 33. Kf3 hxg4+ 34. Kxg4 Kg6 35. Nd6 Rf4+ 36. Kg3 b6 37. Nc8 1-0

[Event "Titled Tuesday intern op 09th Mar"]
[Site "Chess.com INT"]
[Date "2021.03.09"]
[Round "2"]
[White "Silich, Yahor"]
[Black "Bognar, Csaba"]
[Result "1/2-1/2"]
[WhiteElo "2325"]
[BlackElo "2135"]
[PlyCount "130"]
[EventDate "2021.03.09"]
[EventType "swiss (blitz)"]
[EventRounds "11"]
[EventCountry "USA"]
[SourceTitle "CBM 201 Extra"]
[Source "ChessBase"]
[SourceDate "2021.05.31"]
[SourceVersion "1"]
[SourceVersionDate "2021.05.31"]
[SourceQuality "1"]

1. e4 d6 2. d4 Nf6 3. Nc3 c6 4. Nf3 g6 5. a4 Bg7 6. Bc4 0-0 7. 0-0 Nxe4 8. Nxe4 d5 9. Bd3 dxe4 10. Bxe4 Nd7 11. c3 Nf6 12. Bc2 Qc7 13. a5 c5 14. Bg5 Bg4 15. dxc5 Qxc5 16. Be3 Qc6 17. h3 Bxf3 18. Qxf3 Qxf3 19. gxf3 Nd5 20. Bd2 Rfd8 21. Rfd1 Rd7 22. Be4 Rad8 23. Re1 Nf6 24. Be3 a6 25. Bb6 Rc8 26. Rad1 Kf8 27. Rxd7 Nxd7 28. Bxb7 Rb8 29. Bxa6 Nxb6 30. axb6 Rxb6 31. Bf1 Rxb2 32. c4 Rc2 33. Kg2 Bd4 34. Be2 e5 35. f4 Bc3 36. Bd1 Rc1 37. Re3 exf4 38. Rd3 Be1 39. Bb3 g5 40. Kf3 f5 41. h4 h6 42. hxg5 hxg5 43. Ba4 Rxc4 44. Bd7 g4+ 45. Kg2 Rc2 46. Bxf5 Rxf2+ 47. Kg1 g3 48. Bg4 Bd2 49. Rf3 Be3 50. Rxf2 Bxf2+ 51. Kg2 Be3 52. Bf3 Ke7 53. Be4 Kf6 54. Bf3 Ke5 55. Be2 Kd4 56. Bf3 Kd3 57. Bg4 Kd2 58. Bf3 Ke1 59. Bg4 Bf2 60. Bf3 Kd2 61. Bg4 Ke3 62. Bf3 Kd4 63. Bg4 Ke3 64. Bf3 Be1 65. Bg4 Bf2 1/2-1/2

[Event "Titled Tuesday intern op 02nd Mar"]
[Site "Chess.com INT"]
[Date "2021.03.02"]
[Round "1"]
[White "Bognar, Csaba"]
[Black "Orozbaev, Eldiar"]
[Result "0-1"]
[WhiteElo "2135"]
[BlackElo "1973"]
[PlyCount "66"]
[EventDate "2021.03.02"]
[EventType "swiss (blitz)"]
[EventRounds "11"]
[EventCountry "USA"]
[SourceTitle "CBM 201 Extra"]
[Source "ChessBase"]
[SourceDate "2021.05.31"]
[SourceVersion "1"]
[SourceVersionDate "2021.05.31"]
[SourceQuality "1"]

1. d4 Nf6 2. c4 e6 3. Nc3 d5 4. cxd5 exd5 5. Nf3 c6 6. e3 Be7 7. Bd3 0-0 8. 0-0 Re8 9. Ne5 h6 10. f4 Nbd7 11. h3 c5 12. g4 Qb6 13. Bc2 cxd4 14. exd4 Rd8 15. Qd3 Ne4 16. Nxe4 dxe4 17. Qxe4 Nf6 18. Qe2 Be6 19. b3 Qxd4+ 20. Be3 Qb4 21. Rad1 Bc5 22. Kh2 Bxe3 23. Qxe3 Nd5 24. Qd3 Qc3 25. Qh7+ Kf8 26. Rf3 Ne3 27. Rxd8+ Rxd8 28. Be4 Rd2+ 29. Kg3 Rg2+ 30. Kh4 Qe1+ 31. Kh5 Bxg4+ 32. Nxg4 Rxg4 33. Qh8+ Ke7 0-1

[Event "Titled Tuesday intern op 02nd Mar"]
[Site "Chess.com INT"]
[Date "2021.03.02"]
[Round "4"]
[White "Ismayil, Malak"]
[Black "Bognar, Csaba"]
[Result "0-1"]
[WhiteElo "1997"]
[BlackElo "2135"]
[PlyCount "78"]
[EventDate "2021.03.02"]
[EventType "swiss (blitz)"]
[EventRounds "11"]
[EventCountry "USA"]
[SourceTitle "CBM 201 Extra"]
[Source "ChessBase"]
[SourceDate "2021.05.31"]
[SourceVersion "1"]
[SourceVersionDate "2021.05.31"]
[SourceQuality "1"]

1. e4 d6 2. d4 Nf6 3. Nc3 c6 4. g3 g6 5. Bg2 Bg7 6. Nge2 0-0 7. 0-0 e5 8. h3 Qe7 9. Kh2 Ne8 10. f4 f5 11. Be3 fxe4 12. dxe5 d5 13. Nxd5 cxd5 14. Qxd5+ Be6 15. Qxe4 Nc6 16. Nc3 Nc7 17. Rf2 Rad8 18. Raf1 Nd5 19. Nxd5 Bxd5 20. Qa4 Bxg2 21. Kxg2 a6 22. a3 g5 23. Qe4 gxf4 24. gxf4 Qh4 25. Qc4+ Kh8 26. Qe6 Rde8 27. Qg4 Qe7 28. b4 Rg8 29. Kh2 Bxe5 30. Qf3 Bf6 31. Bc5 Qe4 32. Qh5 Qg6 33. Qf3 Bh4 34. Rd2 Rg7 35. f5 Qf6 36. Rd6 Qe5+ 37. Kh1 Rg3 38. Qxc6 Rxh3+ 39. Kg2 Qg3# 0-1

[Event "Titled Tuesday intern op 23rd Feb"]
[Site "Chess.com INT"]
[Date "2021.02.23"]
[Round "9"]
[White "Bendayan Claros, Aaron Arturo"]
[Black "Bognar, Csaba"]
[Result "1-0"]
[WhiteElo "2167"]
[BlackElo "2135"]
[PlyCount "97"]
[EventDate "2021.02.23"]
[EventType "swiss (blitz)"]
[EventRounds "11"]
[EventCountry "USA"]
[SourceTitle "CBM 200 Extra"]
[Source "ChessBase"]
[SourceDate "2021.03.31"]
[SourceVersion "1"]
[SourceVersionDate "2021.03.31"]
[SourceQuality "1"]

1. d4 d6 2. c4 Nf6 3. Nc3 g6 4. e4 Bg7 5. f3 0-0 6. Be3 Nbd7 7. Bd3 e5 8. d5 Nc5 9. Bc2 a5 10. Qd2 Ne8 11. 0-0-0 f5 12. exf5 gxf5 13. Nge2 b6 14. h3 Nf6 15. g4 f4 16. Bxc5 bxc5 17. Ne4 Nxe4 18. Bxe4 Qh4 19. Nc3 Bd7 20. Qe1 Bf6 21. Bd3 Qxe1 22. Rdxe1 Bh4 23. Re2 Be8 24. Bf5 Kh8 25. Ne4 Rb8 26. Rd1 Rb4 27. Rc2 Ba4 28. b3 Be8 29. Kb2 a4 30. Rc3 Bf7 31. a3 Rb7 32. Rb1 Rfb8 33. Ka2 Kg7 34. Nd2 Bf2 35. bxa4 Rxb1 36. Nxb1 Bd4 37. Rb3 Rxb3 38. Kxb3 Kf8 39. a5 c6 40. Be4 cxd5 41. Bxd5 Bxd5 42. cxd5 Ke8 43. Kc4 Kd7 44. Nd2 Kc7 45. Ne4 Bb2 46. a4 Kb7 47. Kb5 Kc7 48. a6 Bd4 49. h4 1-0

[Event "Titled Tuesday intern op 23rd Feb"]
[Site "Chess.com INT"]
[Date "2021.02.23"]
[Round "7"]
[White "Bognar, Csaba"]
[Black "Todorovic, Bojan"]
[Result "1-0"]
[WhiteElo "2135"]
[BlackElo "2280"]
[PlyCount "109"]
[EventDate "2021.02.23"]
[EventType "swiss (blitz)"]
[EventRounds "11"]
[EventCountry "USA"]
[SourceTitle "CBM 200 Extra"]
[Source "ChessBase"]
[SourceDate "2021.03.31"]
[SourceVersion "1"]
[SourceVersionDate "2021.03.31"]
[SourceQuality "1"]

1. d4 Nf6 2. c4 g6 3. Nc3 Bg7 4. e4 d6 5. f4 0-0 6. Nf3 Na6 7. Be2 Bg4 8. 0-0 e5 9. dxe5 dxe5 10. Nxe5 Qxd1 11. Bxd1 Bxd1 12. Rxd1 Nc5 13. Re1 Rad8 14. Nf3 Nd3 15. Re2 Nd7 16. e5 N7c5 17. Be3 f6 18. Nd5 fxe5 19. fxe5 c6 20. Bxc5 Nxc5 21. Nc3 Rfe8 22. Rae1 Ne6 23. g3 Rd3 24. Kg2 Rf8 25. Re3 Rfd8 26. Ne4 Rxe3 27. Rxe3 h6 28. Re2 Kf7 29. Nd6+ Ke7 30. Nxb7 Rd3 31. Nd6 Nc5 32. b3 Rd1 33. Ne4 Nd3 34. Nf2 Nxf2 35. Kxf2 c5 36. Kg2 Rb1 37. Nh4 Kf7 38. e6+ Ke7 39. Nxg6+ Ke8 40. e7 Bf6 41. Nf4 Bg5 42. Nd5 Ra1 43. Nc7+ Kd7 44. e8Q+ Kxc7 45. Qf7+ Kb6 46. Qe6+ Ka5 47. Qd5 Kb4 48. Qb7+ Kc3 49. Qb5 Kd3 50. Qe8 Kc3 51. Qe5+ Kb4 52. Qxa1 a5 53. Qe1+ Ka3 54. Rc2 a4 55. Qa5 1-0

[Event "Titled Tuesday intern op 23rd Feb"]
[Site "Chess.com INT"]
[Date "2021.02.23"]
[Round "5"]
[White "Kalajzic, Ivan"]
[Black "Bognar, Csaba"]
[Result "1-0"]
[WhiteElo "2112"]
[BlackElo "2135"]
[PlyCount "97"]
[EventDate "2021.02.23"]
[EventType "swiss (blitz)"]
[EventRounds "11"]
[EventCountry "USA"]
[SourceTitle "CBM 200 Extra"]
[Source "ChessBase"]
[SourceDate "2021.03.31"]
[SourceVersion "1"]
[SourceVersionDate "2021.03.31"]
[SourceQuality "1"]

1. d4 d6 2. Nc3 Nf6 3. Bg5 Nbd7 4. Qd2 h6 5. Bh4 e5 6. dxe5 dxe5 7. 0-0-0 Be7 8. Bxf6 Nxf6 9. Qe3 Nd7 10. h4 Bxh4 11. g3 Be7 12. Nf3 f6 13. Bh3 c6 14. Nh4 Qb6 15. Qd3 Nf8 16. Bxc8 Rxc8 17. Ng6 Nxg6 18. Qxg6+ Kf8 19. Rd7 Qxf2 20. Rxe7 Qe3+ 21. Kb1 Kxe7 22. Qxg7+ Kd6 23. Rd1+ Kc5 24. Qxb7 Qd4 25. Rxd4 exd4 26. Ne4+ Kd5 27. Nxf6+ Ke5 28. Nd7+ Ke4 29. Nc5+ Ke3 30. Qe7+ Kf2 31. Nd3+ Kg1 32. Qe4 Rhf8 33. Qxd4+ Kh1 34. b3 Rf1+ 35. Kb2 Rcf8 36. Qe4+ Kh2 37. Nf4 Kxg3 38. e3 R1xf4 39. exf4 Rxf4 40. Qxc6 h5 41. Qg6+ Kh4 42. c4 Rg4 43. Qf6+ Kg3 44. c5 h4 45. c6 h3 46. c7 h2 47. Qf1 Rf4 48. Qh1 Kh3 49. c8Q+ 1-0

[Event "Titled Tuesday intern op 23rd Feb"]
[Site "Chess.com INT"]
[Date "2021.02.23"]
[Round "2"]
[White "Kashtanov, Ruslan"]
[Black "Bognar, Csaba"]
[Result "1-0"]
[WhiteElo "2376"]
[BlackElo "2135"]
[PlyCount "45"]
[EventDate "2021.02.23"]
[EventType "swiss (blitz)"]
[EventRounds "11"]
[EventCountry "USA"]
[SourceTitle "CBM 200 Extra"]
[Source "ChessBase"]
[SourceDate "2021.03.31"]
[SourceVersion "1"]
[SourceVersionDate "2021.03.31"]
[SourceQuality "1"]

1. Nf3 d6 2. g3 e5 3. Bg2 f5 4. 0-0 Nf6 5. d4 e4 6. Ng5 h6 7. Nh3 d5 8. Nf4 Kf7 9. c4 g5 10. Nxd5 Nxd5 11. cxd5 Qxd5 12. Nc3 Qd8 13. f3 exf3 14. Bxf3 Kg6 15. e4 h5 16. exf5+ Bxf5 17. Bxb7 Nd7 18. Rxf5 Kxf5 19. Qf3+ Kg6 20. Bxa8 Bd6 21. Be4+ Kh6 22. Qf7 Rg8 23. Qh7# 1-0

[Event "Titled Tuesday intern op 16th Feb"]
[Site "Chess.com INT"]
[Date "2021.02.16"]
[Round "10"]
[White "Bognar, Csaba"]
[Black "Zavivaeva, Evelina"]
[Result "1-0"]
[WhiteElo "2135"]
[BlackElo "1536"]
[PlyCount "83"]
[EventDate "2021.02.16"]
[EventType "swiss (blitz)"]
[EventRounds "11"]
[EventCountry "USA"]
[SourceTitle "EXT 2022"]
[Source "ChessBase"]
[SourceDate "2021.10.06"]
[SourceVersion "1"]
[SourceVersionDate "2021.10.06"]
[SourceQuality "1"]

1. d4 d5 2. Nf3 Nf6 3. g3 Bf5 4. Bg2 e6 5. 0-0 Nbd7 6. b3 Bd6 7. Bb2 0-0 8. c4 c6 9. Nbd2 b6 10. Ne5 Bxe5 11. dxe5 Ne4 12. Nxe4 Bxe4 13. Bxe4 dxe4 14. Qd4 Nc5 15. Rad1 Qxd4 16. Rxd4 Rfd8 17. Rfd1 Rxd4 18. Rxd4 Kf8 19. Ba3 Ke7 20. Rd6 Rd8 21. Bxc5 bxc5 22. Rxc6 Rd1+ 23. Kg2 Rd2 24. Rc7+ Kf8 25. Rxa7 Rxe2 26. Kf1 Rb2 27. Rc7 Rxa2 28. Rxc5 Rb2 29. Rb5 Ke7 30. Rb7+ Ke8 31. c5 g6 32. c6 Rc2 33. Rb6 Rc5 34. b4 Rxe5 35. b5 f5 36. Rb8+ Ke7 37. c7 Rc5 38. c8Q Rxc8 39. Rxc8 Kd7 40. Rh8 h5 41. Rh7+ Kd6 42. b6 1-0

[Event "Titled Tuesday intern op 02nd Feb"]
[Site "Chess.com INT"]
[Date "2021.02.02"]
[Round "9"]
[White "Bognar, Csaba"]
[Black "Begunov, Konstantin"]
[Result "0-1"]
[WhiteElo "2135"]
[BlackElo "2325"]
[PlyCount "126"]
[EventDate "2021.02.02"]
[EventType "swiss (blitz)"]
[EventRounds "11"]
[EventCountry "USA"]
[SourceTitle "CBM 200 Extra"]
[Source "ChessBase"]
[SourceDate "2021.03.31"]
[SourceVersion "1"]
[SourceVersionDate "2021.03.31"]
[SourceQuality "1"]

1. d4 d5 2. Nf3 c6 3. g3 Bg4 4. Bg2 Nd7 5. 0-0 e6 6. Nbd2 Ngf6 7. b3 Bd6 8. Bb2 Qe7 9. Ne5 Bh5 10. c4 0-0 11. f3 Ba3 12. Qc2 Nxe5 13. dxe5 Nd7 14. e4 dxe4 15. Nxe4 Bg6 16. Rae1 Bb4 17. Re2 Nc5 18. f4 Rfd8 19. Bc3 Bxc3 20. Qxc3 Rd3 21. Qb4 Bxe4 22. Bxe4 a5 23. Qa3 Rd4 24. Bb1 Kf8 25. f5 exf5 26. Bxf5 a4 27. e6 Nxe6 28. Qxe7+ Kxe7 29. Bxe6 fxe6 30. Rfe1 Rd6 31. c5 Rd7 32. Rxe6+ Kf7 33. R6e3 axb3 34. axb3 Ra5 35. Rf3+ Kg6 36. Re6+ Kg5 37. h4+ Kh5 38. Kg2 g6 39. Re5+ Kh6 40. Kh3 Kg7 41. g4 Rf7 42. Rfe3 Rb5 43. h5 b6 44. hxg6 hxg6 45. cxb6 Rxb6 46. Kh4 Rfb7 47. Kg5 Rb5 48. b4 Rxe5+ 49. Rxe5 Rxb4 50. Re7+ Kf8 51. Rc7 Rc4 52. Kf6 Ke8 53. Kxg6 Rxg4+ 54. Kf5 Rc4 55. Ke5 Kd8 56. Rh7 Rc1 57. Kd6 Kc8 58. Rh8+ Kb7 59. Rh7+ Kb6 60. Rh5 Rd1+ 61. Ke6 c5 62. Rh2 Kb5 63. Rh8 c4 0-1

[Event "Titled Tuesday intern op 02nd Feb"]
[Site "Chess.com INT"]
[Date "2021.02.02"]
[Round "2"]
[White "Kwon, Sehyun"]
[Black "Bognar, Csaba"]
[Result "0-1"]
[WhiteElo "2195"]
[BlackElo "2135"]
[PlyCount "104"]
[EventDate "2021.02.02"]
[EventType "swiss (blitz)"]
[EventRounds "11"]
[EventCountry "USA"]
[SourceTitle "CBM 200 Extra"]
[Source "ChessBase"]
[SourceDate "2021.03.31"]
[SourceVersion "1"]
[SourceVersionDate "2021.03.31"]
[SourceQuality "1"]

1. e4 d6 2. d4 Nf6 3. Nc3 g6 4. h3 c6 5. a4 Nbd7 6. Be3 c5 7. Nge2 cxd4 8. Bxd4 Bg7 9. g4 0-0 10. Bg2 Nc5 11. 0-0 e5 12. Be3 Ne6 13. Qd2 Qe7 14. Rad1 Rd8 15. f4 exf4 16. Nxf4 Nxf4 17. Bxf4 Nxg4 18. hxg4 Bxg4 19. Rde1 Be5 20. Bg5 Qe6 21. Nd5 Bh3 22. Qd3 Bxg2 23. Kxg2 Qg4+ 24. Kf2 Qxg5 25. c3 f5 26. exf5 Rf8 27. Ke2 Bg3 28. Rg1 Rae8+ 29. Ne3 Qf4 30. Ref1 Qe5 31. Kd2 Bf4 32. Rf3 Bxe3+ 33. Rxe3 Qxe3+ 34. Qxe3 Rxe3 35. Kxe3 Rxf5 36. Rd1 Rf6 37. Ke4 Kf7 38. Kd5 Ke7 39. a5 Rf5+ 40. Kc4 Rxa5 41. Re1+ Re5 42. Ra1 a6 43. Rh1 h5 44. Rg1 g5 45. Kd4 h4 46. Rf1 h3 47. Rh1 g4 48. b4 Kf6 49. Rf1+ Kg5 50. Rf8 h2 51. Rg8+ Kf4 52. Rh8 Kg3 0-1